Guess the Taylor Swift song no hints #27 - Statistics

General Stats
  • This quiz has been taken 75 times
  • The average score is 248 of 377
Answer Stats
Answer % Correct
a
100%
I
100%
you
98%
me
94%
me?
94%
and
93%
And
93%
the
93%
your
93%
is
91%
to
91%
in
89%
my
89%
be
87%
I'm
87%
no
85%
love
83%
where
81%
What
80%
I'll
78%
of
78%
all
76%
All
76%
but
76%
don't
76%
if
76%
cause
74%
It's
72%
I've
72%
just
72%
know
70%
like
70%
one
70%
up
70%
back
67%
oh
67%
come
65%
at
63%
Been
63%
been
63%
forever
63%
got
63%
Now
63%
say
63%
every
61%
nothing
61%
or
61%
see
61%
wanna
61%
live
59%
night
59%
Baby
57%
baby
57%
em
57%
eyes
57%
life
57%
thing
57%
day
56%
home
54%
you'd
54%
call
52%
lost
52%
mind
52%
something
50%
tell
50%
crazy
48%
name
48%
bullet
46%
dodged
46%
feel
46%
happening
46%
open
46%
wide
46%
gave
44%
keep
44%
calling
43%
living
43%
there's
43%
these
43%
until
43%
Until
43%
Wondering
43%
sitting
41%
stuck
41%
Give
39%
place
35%
vain
35%
everyday
33%
hoping
33%
sad
33%
wherever
33%
(wherever)
33%
babe)
31%
looking
31%
places
31%
around
30%
fit
28%
(fit
28%
nicest
26%
walls
26%
cruel
22%
empty
22%
four
22%
behind
20%
cab
20%
existence
20%
faces
20%
point
19%
No matching quizzes found
Score Distribution
Percent of People with Each Score
Percentile by Number Answered
Your Score History
You have not taken this quiz